01115nam a2200193Ia 4500001001100000003001000011008004100021040002500062041001300087100003400100245011000134250001100244260008200255300002700337500021000364501011400574520021000688650002300898L248-14964IT-CnALBA170116s9999||||xx |||||||||||||| ||und|| aIT-CnALBAcIT-CnALBA aITALIANO aBEAUDENOM LEOPOLDO, CANONICO. 0aPRATICA PROGRESSIVA DELLA CONFESSIONE E DELLA DIREZIONE SPIRITUALE. VOL. I: DALLA TIEPIDEZZA AL FERVORE.  a1a ed. a PARISbLETHIELLEUX P. EDIT. ET LIBR. c [1° Ed.: - Ed.Ling.Originale: 1899] a300 p. (prefazione: 5) aBIBLIOTECA CANONICO CHIESA. CONTRIZIONE. TIEPIDEZZA. SILENZIO DI DIO. ABNEGAZIONE. GENEROSITÀ. PRATICA PROGRESSIVA. SPIRITO DEL VANGELO. DELLA CHIESA. DELLA TEOLOGIA. CONFRONTA DOCUMENTO 14960: VOL. II.  aSocietà San Paolo EM - Piazza San Paolo, 14 - 12051 ALBA (CN) (non commercial uses only) ® Copyright 2017 aBIBLIOTECA CANONICO CHIESA. CONTRIZIONE. TIEPIDEZZA. SILENZIO DI DIO. ABNEGAZIONE. GENEROSITÀ. PRATICA PROGRESSIVA. SPIRITO DEL VANGELO. DELLA CHIESA. DELLA TEOLOGIA. CONFRONTA DOCUMENTO 14960: VOL. II.  aASCETICA E MISTICA